Actividades de orientación en la escuela primaria / (Record no. 562)

MARC details
000 -CABECERA
campo de control de longitud fija 00666nam a2200217 a 4500
005 - FECHA Y HORA DE LA ÚLTIMA TRANSACCIÓN
campo de control 20230209063836.0
008 - ELEMENTOS DE LONGITUD FIJA--INFORMACIÓN GENERAL
campo de control de longitud fija 991125s1990 mx 000 0 spa u
020 ## - NÚMERO INTERNACIONAL NORMALIZADO PARA LIBROS
Número Internacional Estándar del Libro 9681823664
035 ## - NÚMERO DE CONTROL DEL SISTEMA
Número de control de sistema UPN01000000562
049 ## - COLECCIÓN
Colección CG
050 #4 - SIGNATURA TOPOGRÁFICA DE LA BIBLIOTECA DEL CONGRESO
Número de clasificación BF723
Número de documento/Ítem D5 no.5
100 1# - ASIENTO PRINCIPAL--NOMBRE PERSONAL
Nombre de persona Hatch, Raymond N.
245 10 - MENCIÓN DE TÍTULO
Título Actividades de orientación en la escuela primaria /
Mención de responsabilidad, etc. Raymond N. Hatch, James W. Corstar ; tr. Sonia Tancredi.
260 ## - PUBLICACIÓN, DISTRIBUCIÓN, ETC.
Lugar de publicación, distribución, etc. México :
Nombre del editor, distribuidor, etc. Ciencia y Técnica,
Fecha de publicación, distribución, etc. 1990.
300 ## - DESCRIPCIÓN FÍSICA
Extensión 265 p.
440 #0 - MENCIÓN DE SERIE/ASIENTO SECUNDARIO--TÍTULO
Título Dirección de grupos ;
Designación de volumen o secuencia 5
650 #4 - ASIENTO SECUNDARIO DE MATERIA - TERMINO TEMATICO
Término de materia o nombre geográfico como elemento de entrada Liderazgo
9 (RLIN) 5345
650 #2 - ASIENTO SECUNDARIO DE MATERIA - TERMINO TEMATICO
Término de materia o nombre geográfico como elemento de entrada Orientación estudiantil
9 (RLIN) 23205
700 1# - ASIENTO SECUNDARIO--NOMBRE DE PERSONAL
Nombre de persona Corstar, James W.,
Término indicativo de función/relación coaut.
905 ## - TIPO DE MATERIAL
Tipo de material Libro
Holdings
Estado de retiro Estado de pérdida Fuente del sistema de clasificación o colocación Estado dañado No para préstamo Código de colección Localización permanente Ubicación/localización actual Ubicación en estantería Fecha de adquisición Total de préstamos Clasificación Código de barras Fecha visto por última vez Fecha del último préstamo Número de copia Tipo de ítem Koha
    Library of Congress Classification     Colección General Bib. Gregorio Torres Quintero Bib. Gregorio Torres Quintero Planta baja 12/03/2024 3 BF723 D5 no.5 58729 08/04/2024 12/03/2024 1 Libro
    Library of Congress Classification   En restauración Colección General Bib. Gregorio Torres Quintero Bib. Gregorio Torres Quintero Planta baja 11/08/2023 9 BF723 D5 no.5 90049 31/12/2020   1 Libro